000 00394nam a22001697a 4500
005 20160511151527.0
008 160511b xxu||||| |||| 00| 0 eng d
020 _a81-7496284-0
041 _aeng
082 _b1311
100 _aKishore M. Ravi
_9468
245 _aManagement Accounting
260 _btaxx mam publication
_c2000
300 _a2.424
650 _aManagement
_9241
942 _cBK
999 _c574
_d574